000 00231 a2200097 4500
001 45273
100 _aMorrow
245 _aBallistic missile & aerospace technology
260 _aNew York
_bAcademic press
_c
090 _c28459
_d28459
942 _aNUST-CAE
_cM
_c20512
999 _c280346
_d280346